| 000 | 00000nam 2200000za 4500 |
| 001 | 9.580294 |
| 003 | CaOODSP |
| 005 | 20241017133434 |
| 007 | cr ||||||||||| |
| 008 | 150406|1993||||xxc|||||o f|0| 0 eng d |
| 020 | |a978-1-100-24796-0 |
| 040 | |aCaOODSP|beng |
| 043 | |an-cn--- |
| 086 | 1 |aCi95-52/7-1993E-PDF |
| 110 | 1 |aCanada.|bCanadian Heritage. |bMulticulturalism. |
| 245 | 10|aTheatre in Canada |h[electronic resource] / |cIssued jointly by the Heritage Cultures and Languages Program and the Communications Branch. |
| 260 | |aOttawa : |bCanadian Heritage. |c1993. |
| 300 | |a53p. |
| 490 | 1 |aArtSource |
| 500 | |a"Digitized by Publishing and Depository Services, Public Works and Government Services Canada - 2014" |
| 590 | |a14-18-Supp|b2014-10-15 |
| 775 | 08|tLe théâtre au Canada|w(CaOODSP)9.607313 |
| 776 | 0#|tTheatre in Canada|w(CaOODSP)9.610800 |
| 830 | #0|aArtSource.|w(CaOODSP)9.507885 |
| 856 | 40|ahttp://publications.gc.ca|qPDF|s10.38 MB|uhttps://publications.gc.ca/collections/collection_2014/cic/Ci95-52-7-1993-eng.pdf |